Sin manos de atar / (Registro nro. 7135)
[ vista simple ]
| 000 -LEADER | |
|---|---|
| fixed length control field | 00952nam a22002297a 4500 |
| 003 - CONTROL NUMBER IDENTIFIER | |
| control field | OSt |
| 005 - DATE AND TIME OF LATEST TRANSACTION | |
| control field | 20250702130536.0 |
| 008 - FIXED-LENGTH DATA ELEMENTS--GENERAL INFORMATION | |
| fixed length control field | 210209s1989 ck ||||gr|||| 00| 0 spa d |
| 040 ## - CATALOGING SOURCE | |
| Original cataloging agency | CO-JMCR |
| Transcribing agency | CO-JMCR |
| 041 0# - LANGUAGE CODE | |
| Language code of text/sound track or separate title | spa |
| 082 04 - DEWEY DECIMAL CLASSIFICATION NUMBER | |
| Classification number | A-P |
| Item number | SOCs |
| Edition number | 23 |
| 100 1# - MAIN ENTRY--PERSONAL NAME | |
| Personal name | Socarras, Hernando, |
| Relator term | autor |
| 9 (RLIN) | 13193 |
| 245 10 - TITLE STATEMENT | |
| Title | Sin manos de atar / |
| Statement of responsibility, etc. | Hernando Socarras |
| 250 ## - EDITION STATEMENT | |
| Edition statement | Primera edición |
| 260 ## - PUBLICATION, DISTRIBUTION, ETC. | |
| Place of publication, distribution, etc. | Bogotá : |
| Name of publisher, distributor, etc. | El canto de la Cabuya Editores, |
| Date of publication, distribution, etc. | 1989 |
| 300 ## - PHYSICAL DESCRIPTION | |
| Extent | 108 páginas ; |
| Dimensions | 21 cm. |
| 505 0# - FORMATTED CONTENTS NOTE | |
| Formatted contents note | Sin manos de atar -- País menos piel -- El amor amor |
| 520 0# - SUMMARY, ETC. | |
| Summary, etc. | Poeta: …eres de esa estirpe. Leo tus versos y pienso que la poesía es revelación al mismo tiempo de nuesta alma y de los lazos que la unen al mundo de nuestra alma y de los lazos que la unen al mundo y a la vida, y de lo que esa misma vida puede ser. |
| Uniform Resource Identifier | <a href="Tapa posterior.">Tapa posterior.</a> |
| 650 24 - SUBJECT ADDED ENTRY--TOPICAL TERM | |
| Topical term or geographic name entry element | Poesía colombiana |
| 9 (RLIN) | 13194 |
| 650 24 - SUBJECT ADDED ENTRY--TOPICAL TERM | |
| Topical term or geographic name entry element | Literatura colombiana |
| 9 (RLIN) | 13195 |
| 942 ## - ADDED ENTRY ELEMENTS (KOHA) | |
| Source of classification or shelving scheme | Dewey Decimal Classification |
| Koha item type | Books |
| Withdrawn status | Lost status | Source of classification or shelving scheme | Damaged status | Not for loan | Home library | Current library | Shelving location | Date acquired | Source of acquisition | Coded location qualifier | Total Checkouts | Full call number | Barcode | Date last seen | Copy number | Price effective from | Koha item type |
|---|---|---|---|---|---|---|---|---|---|---|---|---|---|---|---|---|---|
| Dewey Decimal Classification | Biblioteca Pública José María del Castillo y Rada | Biblioteca Pública José María del Castillo y Rada | General Stacks | 10/02/2020 | Donación | A-P SOCs | 201810445 | 02/09/2021 | Ej.1 | 10/02/2020 | Books |